Law relating to intellectual property (Record no. 1306301)

MARC details
000 -LEADER
fixed length control field 00564nam a2200205Ia 4500
005 - DATE AND TIME OF LATEST TRANSACTION
control field 20250326145059.0
008 - FIXED-LENGTH DATA ELEMENTS--GENERAL INFORMATION
fixed length control field 250326s9999 xx 000 0 und d
037 ## - SOURCE OF ACQUISITION
Stock number Textbook
040 ## - CATALOGING SOURCE
Original cataloging agency FMSL
Language of cataloging eng
Transcribing agency FMSL
041 ## - LANGUAGE CODE
Language code of text/sound track or separate title eng
Source of code eng
084 ## - COLON CLASSIFICATION NUMBER
Classification number Z442674 P9
Assigning agency FMSL
100 ## - MAIN ENTRY--PERSONAL NAME
Personal name Wadehra B L
245 #0 - TITLE STATEMENT
Title Law relating to intellectual property
Statement of responsibility, etc. Wadehra B L
250 ## - EDITION STATEMENT
Edition statement 4
260 ## - PUBLICATION, DISTRIBUTION, ETC.
Place of publication, distribution, etc. New Delhi
Name of publisher, distributor, etc. New Delhi, Universal law Publishing
Date of publication, distribution, etc. 2009
365 ## - TRADE PRICE
Price amount 700
650 ## - SUBJECT ADDED ENTRY--TOPICAL TERM
Topical term or geographic name entry element Management
942 ## - ADDED ENTRY ELEMENTS (KOHA)
Koha item type Textbook
Classification part Z442674 P9
Holdings
Withdrawn status Lost status Damaged status Not for loan Home library Current library Date acquired Source of acquisition Cost, normal purchase price Total Checkouts Full call number Barcode Date last seen Price effective from Koha item type
        Faculty of Management Library Faculty of Management Library 2025-03-26 University Book House 700.00   Z442674 P9 ML1489164 2025-03-26 2025-03-26 Textbook
Copyright @ Delhi University Library System